000 00502nmm a2200169Ia 4500
008 251105s9999||||xx |||||||||||||||||und||
041 _aspa
100 _aIriarte Goñi, Eduardo
245 0 _aLos pájaros también cantan en el infierno
264 _a[Madrid, España] :
_bEdiciones B,
_c2014
300 _a368 páginas
650 _aEnglish Narrative
700 _aIriarte Goñi, Eduardo
700 1 _a Greasley, Horace
856 _uhttps://public.digitaliapublishing.com/a/52893
942 _cCF
999 _c67101
_d67101